Logo biblioteca
Santa Fe 2917, Rosario, Santa Fe
Lu-Vi 8 a 19.45
+54-341-4232362
bibliotecaeudoro@gmail.com
Facebook Biblioteca Pedagógica
Sitio web

Ciencias sociales / (Registro nro. 32767)

Detalles MARC
000 -CABECERA
campo fijo de control de longitud 00852cam a22002777a 4500
001 - NÚMERO DE CONTROL
campo de control 32767
003 - IDENTIFICADOR DEL NÚMERO DE CONTROL
campo de control AR-RoBPED
005 - FECHA Y HORADE LA ULTIMA TRANSACCION
campo de control 20260515113214.0
008 - ELEMENTOS DE LONGITUD FIJA--INFORMACION GENERAL
campo fijo de control de longitud 260514s2017 ag abdodr|||| 001 0 spa d
020 ## - ISBN
ISBN 9789877315356
040 ## - FUENTE CATALOGADORA
Centro catalogador/agencia de origen AR-RoBPED
041 ## - IDIOMA
Código de idioma para texto/pista de sonido o título independiente spa
100 1# - ENCABEZAMIENTO PRINCIPAL--AUTOR PERSONAL
Nombre de persona Lanteri, Silvia
9 (RLIN) 22113
Función dir.
245 10 - TITULO
Título Ciencias sociales /
Mención de responsabilidad [bajo la dirección editorial de Silvia Lanteri ; Marcelo Musa [et al.] ]
260 ## - PUBLICACION
Lugar Buenos Aires :
Editor SM,
Fecha 2017.
300 ## - DESCRIPCION FISICA
Extensión 271 p. :
Otros detalles físicos il. col. fot.
490 0# - SERIE
Mención de serie (Savia)
650 #4 - TERMINO DE MATERIA--CONTROLADO
Término controlado ACTIVIDADES
9 (RLIN) 19489
Término controlado TEXTO
9 (RLIN) 37
Término controlado ENSEÑANZA SECUNDARIA
9 (RLIN) 412
Término controlado GEOGRAFIA
9 (RLIN) 48
Término controlado HISTORIA UNIVERSAL
9 (RLIN) 528
700 1# - ENCABEZAMIENTO SECUNDARIO--AUTOR PERSONAL
Nombre de persona Musa, Marcelo Néstor
9 (RLIN) 23586
942 ## - ELEMENTOS KOHA
Fuente de clasificación Universal Decimal Classification
Koha tipo de ítem Libro
Clasificación 308
Signatura librística L 23 Savia
Número Koha k. 32767
N° inventario Inv. 42455
945 ## - PROCESAMIENTO DE LA INFORMACIÓN LOCAL
Catalogador y fecha cd 14/05/2026 - mev 15/05/2026
Existencias
Estado retirado Estado perdido Fuente de clasificación Estado dañado No se presta Biblioteca propietaria Biblioteca de reserva Fecha de adquisición Procedencia Total de préstamos Signatura topográfica completa Código de barras (nº de inventario) Fecha visto por última vez Catalogador y fecha Tipo de ítem Koha Nota pública
    Universal Decimal Classification     Biblioteca Pedagógica Eudoro Díaz Biblioteca Pedagógica Eudoro Díaz 14/05/2026 donación   308 L 23 Savia 42455 14/05/2026 cd 14/05/2026- mev 15/05/2026 Libro Se presta 15 dias.